[Event "Kelantan op"]
[Site "Kelantan"]
[Date "2019.02.07"]
[Round "3"]
[White "Pereira, Johnharry"]
[Black "Hamzah, Baharuddin"]
[Result "1/2-1/2"]
[WhiteElo "1522"]
[BlackElo "1795"]
[PlyCount "91"]
[EventDate "2019.02.07"]
[EventType "swiss"]
[EventRounds "7"]
[EventCountry "MAS"]
[SourceTitle "CBM 189 Extra"]
[Source "ChessBase"]
[SourceDate "2019.06.03"]
[SourceVersion "1"]
[SourceVersionDate "2019.06.03"]
[SourceQuality "1"]

1. d4 d5 2. c4 Nc6 3. e3 Nf6 4. cxd5 Qxd5 5. Nc3 Qd8 6. Nf3 e6 7. g3 Bb4 8. Bg2 0-0 9. 0-0 Ne7 10. a3 Ba5 11. b4 Bb6 12. Bb2 c6 13. a4 Ned5 14. a5 Bc7 15. Qb3 a6 16. Na4 Ne4 17. Qd3 Nd6 18. Qb3 Ne4 19. Rfd1 Qe7 20. Nc5 Ndf6 21. Ba3 Nxc5 22. dxc5 e5 23. Bb2 Bf5 24. Nd2 Rfd8 25. Nc4 Be6 26. e4 Rxd1+ 27. Rxd1 Rd8 28. Rd3 Rxd3 29. Qxd3 Bxc4 30. Qxc4 Qd7 31. Qc2 Ne8 32. Bf1 Nf6 33. f3 h6 34. Kf2 g5 35. Bc3 Nh5 36. Qd2 Qxd2+ 37. Bxd2 Ng7 38. Bh3 Ne6 39. Bxe6 fxe6 40. h4 Bd8 41. h5 Bc7 42. Kg2 Kf7 43. Kh3 Kf6 44. Kg4 Bb8 45. Bc3 Kf7 46. Bd2 1/2-1/2

[Event "Mumbai Wealth op 3rd"]
[Site "Mumbai"]
[Date "2018.01.02"]
[Round "4"]
[White "Pereira, Johnharry"]
[Black "Kavinda, Akila"]
[Result "0-1"]
[WhiteElo "1541"]
[BlackElo "2003"]
[PlyCount "42"]
[EventDate "2017.12.30"]
[EventType "swiss"]
[EventRounds "9"]
[EventCountry "IND"]
[SourceTitle "CBM 182 Extra"]
[Source "ChessBase"]
[SourceDate "2018.02.23"]
[SourceVersion "1"]
[SourceVersionDate "2018.02.23"]
[SourceQuality "1"]

1. d4 d6 2. c4 e5 3. e4 exd4 4. Qxd4 Nc6 5. Qd1 Nf6 6. Nc3 Be7 7. Nf3 0-0 8. Be2 Nd7 9. 0-0 Re8 10. a3 Bf6 11. Qc2 Nc5 12. Bd3 Bg4 13. Re1 Bxf3 14. gxf3 Nd4 15. Qd1 Ndb3 16. Rb1 Bxc3 17. bxc3 Nxc1 18. Rxc1 Qh4 19. Bf1 Re5 20. Bg2 Ne6 21. h3 Rg5 0-1

[Event "Mumbai Wealth op 3rd"]
[Site "Mumbai"]
[Date "2017.12.30"]
[Round "1"]
[White "Pereira, Johnharry"]
[Black "Mahitosh, Dey"]
[Result "0-1"]
[WhiteElo "1541"]
[BlackElo "1820"]
[PlyCount "46"]
[EventDate "2017.12.30"]
[EventType "swiss"]
[EventRounds "9"]
[EventCountry "IND"]
[SourceTitle "CBM 182 Extra"]
[Source "ChessBase"]
[SourceDate "2018.02.23"]
[SourceVersion "1"]
[SourceVersionDate "2018.02.23"]
[SourceQuality "1"]

1. d4 d5 2. c4 e6 3. Nc3 Nf6 4. Nf3 Be7 5. Bf4 c6 6. e3 Nbd7 7. Be2 dxc4 8. Bxc4 b5 9. Bd3 Bb7 10. 0-0 a6 11. e4 b4 12. Na4 0-0 13. Rc1 Rc8 14. Qe2 Qa5 15. b3 c5 16. Nb2 cxd4 17. Nc4 Qd8 18. Nd6 Rxc1 19. Rxc1 Ba8 20. Nc8 Bc5 21. Bxa6 Nxe4 22. Ne5 Nxe5 23. Rxc5 d3 0-1

[Event "Penang op 8th"]
[Site "Penang"]
[Date "2016.12.10"]
[Round "9"]
[White "Auyeung, Chi Hung Jonathan"]
[Black "Pereira, Johnharry"]
[Result "0-1"]
[WhiteElo "1495"]
[BlackElo "1721"]
[PlyCount "46"]
[EventDate "2016.12.05"]
[EventType "swiss"]
[EventRounds "9"]
[EventCountry "MAS"]
[SourceTitle "CBM 176 Extra"]
[Source "ChessBase"]
[SourceDate "2017.03.02"]
[SourceVersion "1"]
[SourceVersionDate "2017.03.02"]
[SourceQuality "1"]

1. d4 Nf6 2. c4 e6 3. Nf3 b6 4. g3 Ba6 5. b3 Bb4+ 6. Bd2 Be7 7. Bg2 0-0 8. 0-0 c6 9. Re1 d5 10. Qc2 Nbd7 11. Bf4 c5 12. cxd5 Nxd5 13. e4 Nxf4 14. gxf4 Rc8 15. Qb2 cxd4 16. Rd1 d3 17. Nc3 Qc7 18. Rac1 Qxf4 19. Ne1 Ne5 20. Bf1 Rfe8 21. Rd2 Qg4+ 22. Bg2 Bg5 23. h3 Qh4 0-1

[Event "Penang op 8th"]
[Site "Penang"]
[Date "2016.12.09"]
[Round "8"]
[White "Pereira, Johnharry"]
[Black "Sim, Jia Ru"]
[Result "0-1"]
[WhiteElo "1721"]
[BlackElo "1569"]
[PlyCount "70"]
[EventDate "2016.12.05"]
[EventType "swiss"]
[EventRounds "9"]
[EventCountry "MAS"]
[SourceTitle "CBM 176 Extra"]
[Source "ChessBase"]
[SourceDate "2017.03.02"]
[SourceVersion "1"]
[SourceVersionDate "2017.03.02"]
[SourceQuality "1"]

1. d4 d5 2. c4 dxc4 3. e4 c5 4. Bxc4 cxd4 5. Nf3 e5 6. Qa4+ Bd7 7. Qb3 Qe7 8. Qxb7 Qb4+ 9. Qxb4 Bxb4+ 10. Nbd2 f6 11. a3 Bd6 12. b4 Ne7 13. Nb3 a6 14. Bd2 Bc6 15. Bd3 f5 16. Ng5 h6 17. Ne6 fxe4 18. Bb1 Bd5 19. Nbc5 Kf7 20. 0-0 Bxe6 21. Nxe6 Kxe6 22. Bxe4 Ra7 23. a4 Nd7 24. Rfc1 Rb8 25. Rcb1 Nd5 26. g4 Nxb4 27. a5 Nd5 28. Rxb8 Bxb8 29. Rc1 Rc7 30. Rxc7 Bxc7 31. Bd3 Nc5 32. Bc4 Kd6 33. g5 hxg5 34. Bxg5 Bxa5 35. h4 d3 0-1

[Event "Penang op 8th"]
[Site "Penang"]
[Date "2016.12.07"]
[Round "5"]
[White "Pham, Minh Hieu"]
[Black "Pereira, Johnharry"]
[Result "1-0"]
[WhiteElo "2026"]
[BlackElo "1721"]
[PlyCount "104"]
[EventDate "2016.12.05"]
[EventType "swiss"]
[EventRounds "9"]
[EventCountry "MAS"]
[SourceTitle "CBM 176 Extra"]
[Source "ChessBase"]
[SourceDate "2017.03.02"]
[SourceVersion "1"]
[SourceVersionDate "2017.03.02"]
[SourceQuality "1"]

1. e4 c6 2. d4 d5 3. Nc3 dxe4 4. Nxe4 Nd7 5. Nf3 Ngf6 6. Nxf6+ Nxf6 7. c3 Bf5 8. Bd3 Bxd3 9. Qxd3 e6 10. Bg5 h6 11. Bh4 Be7 12. 0-0 0-0 13. Rfe1 c5 14. Qc2 cxd4 15. Nxd4 Rc8 16. Rad1 Nd5 17. Bxe7 Qxe7 18. Nf5 Qc5 19. Rxd5 exd5 20. Ne7+ Kh8 21. Nxc8 Rxc8 22. Qd3 a5 23. h3 b5 24. Rd1 Rd8 25. Qd4 Qc6 26. b3 Kg8 27. c4 bxc4 28. bxc4 Qa4 29. Rd2 Qb4 30. cxd5 Qxd4 31. Rxd4 Kf8 32. d6 f6 33. Rd5 a4 34. Kf1 Kf7 35. Ra5 Ke6 36. Rxa4 Rxd6 37. Re4+ Kf5 38. Re1 Ra6 39. Ra1 Ra3 40. Ke2 h5 41. Kd2 g5 42. Kc2 Kf4 43. Kb2 Ra8 44. a4 f5 45. a5 h4 46. Ra4+ Ke5 47. a6 Ra7 48. f3 Kd5 49. Kc3 Ke5 50. Kb4 Kf4 51. Kb5+ Kg3 52. Ra2 Kh2 1-0

[Event "Penang op 8th"]
[Site "Penang"]
[Date "2016.12.05"]
[Round "1"]
[White "Chan, Marcus"]
[Black "Pereira, Johnharry"]
[Result "1-0"]
[WhiteElo "2193"]
[BlackElo "1721"]
[PlyCount "73"]
[EventDate "2016.12.05"]
[EventType "swiss"]
[EventRounds "9"]
[EventCountry "MAS"]
[SourceTitle "CBM 176 Extra"]
[Source "ChessBase"]
[SourceDate "2017.03.02"]
[SourceVersion "1"]
[SourceVersionDate "2017.03.02"]
[SourceQuality "1"]

1. d4 Nf6 2. c4 e6 3. Nc3 d5 4. cxd5 exd5 5. Bg5 c6 6. e3 Be7 7. Bd3 0-0 8. Qc2 Nbd7 9. Nf3 Re8 10. 0-0 h6 11. Bh4 Nf8 12. Rab1 Ne4 13. Bxe7 Qxe7 14. b4 a6 15. a4 Bf5 16. b5 axb5 17. axb5 Ra3 18. Bxe4 dxe4 19. Ne5 Qg5 20. Kh1 Ng6 21. Nxg6 Qxg6 22. Ne2 Bd7 23. Nf4 Qd6 24. bxc6 Bxc6 25. Rb6 Ra6 26. Rfb1 Rxb6 27. Rxb6 Ra8 28. Qb1 Qd8 29. h3 Ra5 30. Rb4 Qa8 31. Qb3 b5 32. d5 Ra3 33. Qb2 Ra2 34. Qe5 Bd7 35. Kg1 Qa5 36. Nh5 f6 37. Qe7 1-0

[Event "Gibraltar Masters 8th"]
[Site "Caleta"]
[Date "2010.02.03"]
[Round "9"]
[White "Pereira, Johnharry"]
[Black "Hamer, Martyn"]
[Result "0-1"]
[WhiteElo "1892"]
[BlackElo "2039"]
[PlyCount "94"]
[EventDate "2010.01.26"]
[EventType "swiss"]
[EventRounds "10"]
[EventCountry "GGB"]
[SourceTitle "CBM 134 Extra"]
[Source "ChessBase"]
[SourceDate "2010.03.03"]
[SourceVersion "1"]
[SourceVersionDate "2010.03.03"]
[SourceQuality "1"]

1. d4 Nf6 2. c4 e6 3. Nf3 d5 4. Nc3 Be7 5. Bg5 0-0 6. e3 h6 7. Bh4 b6 8. Bd3 Bb7 9. 0-0 Nbd7 10. Rc1 c5 11. Qe2 Ne4 12. Bxe7 Qxe7 13. cxd5 exd5 14. Ba6 Ndf6 15. Qb5 Rfe8 16. dxc5 Bxa6 17. Qxa6 bxc5 18. Qd3 Red8 19. Rfe1 c4 20. Qd4 Rab8 21. Ne5 Rb6 22. Red1 Nxc3 23. Rxc3 Re8 24. Nf3 Rxb2 25. Rxc4 Rxa2 26. Ra4 Rxa4 27. Qxa4 Rb8 28. Qd4 a5 29. Ne5 Qc7 30. Nd3 Qb6 31. Nc5 Ne4 32. Nd3 Qxd4 33. exd4 Nc3 34. Ra1 Rb1+ 35. Rxb1 Nxb1 36. Nb2 Nc3 37. Nd3 a4 38. Nc5 a3 39. Nb3 a2 40. Kf1 Nb5 41. Ke1 Nxd4 42. Na1 Nc6 43. Kd2 d4 44. Kc2 Nb4+ 45. Kb2 d3 46. Nb3 Kf8 47. Kc3 Ke7 0-1

[Event "Gibraltar Challengers-B 8th"]
[Site "Caleta"]
[Date "2010.02.02"]
[Round "3"]
[White "Fegan, Chris"]
[Black "Pereira, Johnharry"]
[Result "0-1"]
[WhiteElo "2093"]
[BlackElo "1892"]
[PlyCount "58"]
[EventDate "2010.01.31"]
[EventType "swiss"]
[EventRounds "5"]
[EventCountry "GGB"]
[SourceTitle "EXT 2011"]
[Source "ChessBase"]
[SourceDate "2010.11.26"]
[SourceVersion "1"]
[SourceVersionDate "2010.11.26"]
[SourceQuality "1"]

1. e4 c6 2. d4 d5 3. e5 Bf5 4. c4 e6 5. Qb3 Qb6 6. c5 Qc7 7. Nc3 b6 8. Be3 bxc5 9. dxc5 Nd7 10. Nf3 Bxc5 11. Nd4 Bxd4 12. Bxd4 Ne7 13. f4 0-0 14. Qa3 Ng6 15. g3 f6 16. exf6 Nxf6 17. Rc1 e5 18. Nb5 Qb8 19. fxe5 Nxe5 20. Nd6 Be4 21. Bxe5 Bxh1 22. Bh3 Qb6 23. Be6+ Kh8 24. Qc3 Rae8 25. Nxe8 Rxe8 26. Bxf6 Rxe6+ 27. Be5 d4 28. Qc5 Qxc5 29. Rxc5 Bd5 0-1

[Event "Gibraltar Challengers-B 8th"]
[Site "Caleta"]
[Date "2010.02.01"]
[Round "2"]
[White "Pereira, Johnharry"]
[Black "Whatley, Stephen Arthur"]
[Result "1-0"]
[WhiteElo "1892"]
[BlackElo "1408"]
[PlyCount "57"]
[EventDate "2010.01.31"]
[EventType "swiss"]
[EventRounds "5"]
[EventCountry "GGB"]
[SourceTitle "EXT 2011"]
[Source "ChessBase"]
[SourceDate "2010.11.26"]
[SourceVersion "1"]
[SourceVersionDate "2010.11.26"]
[SourceQuality "1"]

1. d4 Nf6 2. c4 g6 3. Nc3 d5 4. Nf3 Bg7 5. Qb3 dxc4 6. Qxc4 0-0 7. e4 Bg4 8. Be2 Nc6 9. Be3 Nd7 10. Rd1 Nb6 11. Qc5 Qd6 12. 0-0 Rad8 13. Nb5 Qxc5 14. dxc5 Bxf3 15. gxf3 Na8 16. Bf4 Bxb2 17. Nxc7 Be5 18. Nd5 e6 19. Ne7+ Nxe7 20. Bxe5 Nc6 21. Bf6 Rc8 22. Rd7 Rc7 23. Rfd1 Rfc8 24. Bb5 Rxd7 25. Rxd7 h5 26. Rxb7 Kh7 27. Rxf7+ Kh6 28. h4 a5 29. Bg5# 1-0

[Event "Gibraltar Challengers-A 8th"]
[Site "Caleta"]
[Date "2010.01.30"]
[Round "5"]
[White "Fegan, Chris"]
[Black "Pereira, Johnharry"]
[Result "0-1"]
[WhiteElo "2093"]
[BlackElo "1892"]
[PlyCount "58"]
[EventDate "2010.01.26"]
[EventType "swiss"]
[EventRounds "5"]
[EventCountry "GGB"]
[SourceTitle "CBM 134 Extra"]
[Source "ChessBase"]
[SourceDate "2010.03.03"]
[SourceVersion "1"]
[SourceVersionDate "2010.03.03"]
[SourceQuality "1"]

1. d4 Nf6 2. Nf3 e6 3. e3 c5 4. Bd3 b6 5. 0-0 Bb7 6. Nbd2 cxd4 7. exd4 Be7 8. Ne5 0-0 9. c3 d6 10. Ng4 Nbd7 11. f4 Qc7 12. c4 Nxg4 13. Qxg4 Bf6 14. f5 e5 15. d5 Nc5 16. Bc2 a5 17. Qh3 Rfe8 18. Ne4 Nxe4 19. Bxe4 Qxc4 20. Qf3 Rac8 21. Be3 Qb5 22. g4 h6 23. Rf2 Rc7 24. Rd1 Rec8 25. Rg2 Bg5 26. Bxg5 hxg5 27. f6 Rc1 28. Rgd2 Qb4 29. Qh3 Qxe4 0-1

[Event "Gibraltar Masters 8th"]
[Site "Caleta"]
[Date "2010.01.29"]
[Round "4"]
[White "Zozulia, Anna"]
[Black "Pereira, Johnharry"]
[Result "1-0"]
[WhiteElo "2321"]
[BlackElo "1892"]
[PlyCount "57"]
[EventDate "2010.01.26"]
[EventType "swiss"]
[EventRounds "10"]
[EventCountry "GGB"]
[SourceTitle "CBM 134 Extra"]
[Source "ChessBase"]
[SourceDate "2010.03.03"]
[SourceVersion "1"]
[SourceVersionDate "2010.03.03"]
[SourceQuality "1"]

1. e4 c6 2. d4 d5 3. exd5 cxd5 4. Bd3 Nc6 5. c3 Nf6 6. h3 g6 7. Bf4 Bg7 8. Nf3 0-0 9. 0-0 a6 10. Nbd2 Bf5 11. Bxf5 gxf5 12. Ne5 Nxe5 13. Bxe5 e6 14. a4 b5 15. Nb3 Nd7 16. Bxg7 Kxg7 17. Nc5 Qe7 18. b4 a5 19. axb5 axb4 20. cxb4 Nb6 21. Ra6 Nc4 22. Qa4 Nb6 23. Qb3 Rab8 24. Qg3+ Kh6 25. Re1 Rg8 26. Qf4+ Qg5 27. Nxe6 Qxf4 28. Nxf4 Kg5 29. g3 1-0

[Event "New Delhi Parsvnath op 7th"]
[Site "New Delhi"]
[Date "2009.01.11"]
[Round "1"]
[White "Pereira, Johnharry"]
[Black "Bhat, Vinay S"]
[Result "0-1"]
[WhiteElo "1900"]
[BlackElo "2495"]
[PlyCount "52"]
[EventDate "2009.01.11"]
[EventType "swiss"]
[EventRounds "10"]
[EventCountry "IND"]
[SourceTitle "CBM 128 Extra"]
[Source "ChessBase"]
[SourceDate "2009.03.05"]
[SourceVersion "2"]
[SourceVersionDate "2009.03.25"]
[SourceQuality "1"]

1. d4 d5 2. c4 c6 3. Nf3 Nf6 4. Nc3 dxc4 5. e3 b5 6. a4 b4 7. Na2 e6 8. Bxc4 Nbd7 9. 0-0 Bb7 10. Bd2 a5 11. Nc1 Be7 12. Nd3 0-0 13. Nde5 Nxe5 14. Nxe5 c5 15. Qb3 cxd4 16. Bxe6 fxe6 17. Qxe6+ Kh8 18. exd4 Qd5 19. Qh3 Kg8 20. Be3 Rae8 21. Rfc1 Bc8 22. Qh4 Ng4 23. Qg3 Nxe3 24. fxe3 Bd6 25. Qg5 Bxe5 26. dxe5 Rxe5 0-1

[Event "Kuala Lumpur op 5th"]
[Site "Kuala Lumpur"]
[Date "2008.08.18"]
[Round "2"]
[White "Nanjo, Ryosuke"]
[Black "Pereira, Johnharry"]
[Result "1-0"]
[WhiteElo "2184"]
[BlackElo "1942"]
[PlyCount "61"]
[EventDate "2008.08.18"]
[EventType "swiss"]
[EventRounds "11"]
[EventCountry "MAS"]
[SourceTitle "CBM 126 Extra"]
[Source "ChessBase"]
[SourceDate "2008.11.05"]
[SourceVersion "1"]
[SourceVersionDate "2008.11.05"]
[SourceQuality "1"]

1. d4 Nf6 2. c4 e6 3. Nc3 Bb4 4. Nf3 b6 5. Qb3 Qe7 6. Bg5 Bb7 7. e3 h6 8. Bxf6 gxf6 9. Be2 Nc6 10. 0-0 a6 11. a3 Bxc3 12. Qxc3 Rg8 13. e4 Qf8 14. Rfe1 Qg7 15. Bf1 Ne7 16. Rad1 Qg4 17. d5 d6 18. Qxf6 e5 19. Nd2 Ng6 20. Qf3 Qh4 21. Qg3 Qf6 22. b4 0-0-0 23. c5 Kb8 24. cxb6 cxb6 25. Qe3 Nf4 26. g3 Ka7 27. Nc4 Ng6 28. Qxb6+ Ka8 29. Na5 Rd7 30. Nc6 Bxc6 31. Qxc6+ 1-0